| 000 | 00463nam a2200181Ia 4500 | ||
|---|---|---|---|
| 008 | 230516s2019 xx 000 0 und d | ||
| 041 | _aeng | ||
| 082 |
_a615.2 _bSAL/BAR |
||
| 100 | _aSALUNKHE VIJAY S., BARI SANJAY | ||
| 245 | _aSTEPS IN QUALITY ASSURANCE IN PHARMACEUTICALS | ||
| 250 | _a5TH | ||
| 260 |
_aPUNE _bNIRALI PRAKASHAN _c2019 |
||
| 300 | _a9.14 | ||
| 365 | _h10 | ||
| 500 | _aPB | ||
| 520 | _aPQA | ||
| 650 | _aPHARMACEUTICAL QUALITY ASSURANCE | ||
| 999 |
_c384494 _d384494 |
||